Učitavanje...

Media selling: broadcast, cable, print and interactive

Bibliografski detalji
Glavni autor: Warner, Charles
Daljnji autori: Buchman, Joseph
Format: Printed Book
Izdano: New Delhi Surjeet Publications 2004
Izdanje:3rd.
Teme:
LEADER 00577cam a2200193ua 4500
020 |a 81-229-0176-X 
082 |a 070.1  |b WAR/M 
100 |a Warner, Charles 
245 1 0 |a Media selling: broadcast, cable, print and interactive  
250 |a 3rd. 
260 |a New Delhi  |b Surjeet Publications  |c 2004 
300 |a xiv,598p. 
650 |a Journalism 
650 0 |a Mass media 
650 0 |a Communication 
700 0 2 |a Buchman, Joseph 
942 |c BK 
999 |c 18379  |d 18379 
952 |0 0  |1 0  |4 0  |6 070_100000000000000_WARM  |7 0  |9 19205  |a KUCL  |b KUCL  |d 2014-05-23  |l 0  |o 070.1 WAR/M  |p 19881  |r 2014-05-23  |y BK